Adventures of Huckleberry Finn : (Record no. 10435)
[ view plain ]
| 000 -LEADER | |
|---|---|
| fixed length control field | 00993nam a2200337 a 4500 |
| 001 - CONTROL NUMBER | |
| JCCL Control Number | 10435 |
| 003 - CONTROL NUMBER IDENTIFIER | |
| JCCL marc code | BD-JhCC |
| 005 - DATE AND TIME OF LATEST TRANSACTION | |
| control field | 20180428094707.0 |
| 008 - FIXED-LENGTH DATA ELEMENTS--GENERAL INFORMATION | |
| fixed length control field | 180426s1971 nbu 20 b 0 vleng d |
| 020 ## - INTERNATIONAL STANDARD BOOK NUMBER | |
| International Standard Book Number | 822006065 |
| 035 ## - SYSTEM CONTROL NUMBER | |
| system control number | (BD-JhCC)10435 |
| 040 ## - CATALOGING SOURCE | |
| Original cataloging agency | DLC |
| Transcribing agency | DLC |
| Modifying agency | DLC |
| -- | BD-JhCC |
| Description conventions | amim |
| Modifying agency | DLC |
| 041 ## - LANGUAGE CODE | |
| Language code of Book | eng |
| 082 ## - DEWEY DECIMAL CLASSIFICATION NUMBER | |
| Classification number | 813.4 |
| Author mark and Year | ROB 1971 |
| 100 ## - MAIN ENTRY--PERSONAL NAME | |
| Personal name | Roberts, James L., |
| Titles and other words associated with a name | 1929- |
| 245 00 - TITLE STATEMENT | |
| Title | Adventures of Huckleberry Finn : |
| Remainder of title | Notes, including life and background ... / |
| Statement of responsibility, etc | James L. Roberts, |
| 257 ## - COUNTRY OF PRODUCING ENTITY FOR ARCHIVAL FILMS | |
| Country of producing entity | New Edition |
| 260 ## - PUBLICATION, DISTRIBUTION, ETC. (IMPRINT) | |
| Place of publication, distribution, etc | United States : |
| Name of publisher, distributor, etc | Cliff's Notes, |
| Date of publication, distribution, etc | 1971. |
| 300 ## - PHYSICAL DESCRIPTION | |
| Pagination | 73 p. : |
| Dimensions | 22 cm. |
| 490 0# - SERIES STATEMENT | |
| Series statement | American Playhouse |
| 504 ## - BIBLIOGRAPHY, ETC. NOTE | |
| Bibliography, etc | Includes Bibliographical Reference |
| 600 10 - SUBJECT ADDED ENTRY--PERSONAL NAME | |
| Personal name | Finn, Huckleberry |
| Titles and other words associated with a name | (Fictitious character) |
| 650 #0 - SUBJECT ADDED ENTRY--TOPICAL TERM | |
| Topical term or geographic name as entry element | Boys |
| Form subdivision | Drama. |
| 650 #0 - SUBJECT ADDED ENTRY--TOPICAL TERM | |
| Topical term or geographic name as entry element | Mississippi River |
| Form subdivision | Drama. |
| 651 #0 - SUBJECT ADDED ENTRY--GEOGRAPHIC NAME | |
| Geographic name | Missouri |
| Form subdivision | Drama. |
| 655 #7 - | |
| Genre/form data or focus term | Television. |
| Source of term | mim |
| 655 #7 - | |
| Genre/form data or focus term | Anthology. |
| Source of term | mim |
| 655 #7 - | |
| Genre/form data or focus term | Series. |
| Source of term | mim |
| 942 ## - ADDED ENTRY ELEMENTS (KOHA) | |
| Source of classification or shelving scheme | Dewey Decimal Classification |
| Koha item type | Books |
| Source of classification or shelving scheme | Damaged status | Not for loan | Home library | Current library | Shelving location | Total Checkouts | Full call number | Barcode | Date last seen | Copy number | Koha item type | Date of accession |
|---|---|---|---|---|---|---|---|---|---|---|---|---|
| Dewey Decimal Classification | JCC Rouf Library | JCC Rouf Library | General Stacks | 813.4 TWA 1971 | 13865 | 04/26/2018 | C-1 | Reference | ||||
| Dewey Decimal Classification | JCC Rouf Library | JCC Rouf Library | General Stacks | 813.4 ROB 1971 | 13893 | 04/26/2018 | C-2 | Books | 04/26/2018 | |||
| Dewey Decimal Classification | JCC Rouf Library | JCC Rouf Library | General Stacks | 813.4 ROB 1971 | 13894 | 04/26/2018 | C-3 | Books | 04/26/2018 | |||
| Dewey Decimal Classification | JCC Rouf Library | JCC Rouf Library | General Stacks | 813.4 ROB 1971 | 13895 | 04/26/2018 | C-4 | Books | 04/26/2018 | |||
| Dewey Decimal Classification | JCC Rouf Library | JCC Rouf Library | General Stacks | 813.4 ROB 1971 | 13896 | 04/26/2018 | C-5 | Books | 04/26/2018 | |||
| Dewey Decimal Classification | JCC Rouf Library | JCC Rouf Library | General Stacks | 813.4 ROB 1971 | 13897 | 04/26/2018 | C-6 | Books | 04/26/2018 | |||
| Dewey Decimal Classification | JCC Rouf Library | JCC Rouf Library | General Stacks | 813.4 ROB 1971 | 13898 | 04/26/2018 | C-7 | Books | 04/26/2018 | |||
| Dewey Decimal Classification | JCC Rouf Library | JCC Rouf Library | General Stacks | 813.4 ROB 1971 | 13899 | 04/26/2018 | C-8 | Books | 04/26/2018 | |||
| Dewey Decimal Classification | JCC Rouf Library | JCC Rouf Library | General Stacks | 813.4 ROB 1971 | 13900 | 04/26/2018 | C-9 | Books | 04/26/2018 | |||
| Dewey Decimal Classification | JCC Rouf Library | JCC Rouf Library | General Stacks | 813.4 ROB 1971 | 13937 | 04/28/2018 | C-10 | Books | ||||
| Dewey Decimal Classification | JCC Rouf Library | JCC Rouf Library | General Stacks | 813.4 ROB 1971 | 13936 | 04/28/2018 | C-11 | Books | 04/28/2018 | |||
| Dewey Decimal Classification | JCC Rouf Library | JCC Rouf Library | General Stacks | 813.4 ROB 1971 | 13935 | 04/28/2018 | C-12 | Books | 04/28/2018 | |||
| Dewey Decimal Classification | JCC Rouf Library | JCC Rouf Library | General Stacks | 813.4 ROB 1971 | 13934 | 04/28/2018 | C-13 | Books | 04/28/2018 | |||
| Dewey Decimal Classification | JCC Rouf Library | JCC Rouf Library | General Stacks | 813.4 ROB 1971 | 13933 | 04/28/2018 | C-14 | Books | 04/28/2018 | |||
| Dewey Decimal Classification | JCC Rouf Library | JCC Rouf Library | General Stacks | 813.4 ROB 1971 | 13932 | 04/28/2018 | C-15 | Books | 04/28/2018 | |||
| Dewey Decimal Classification | JCC Rouf Library | JCC Rouf Library | General Stacks | 813.4 ROB 1971 | 13931 | 04/28/2018 | C-16 | Books | 04/28/2018 |